| 000 | 00000nam##2200000za#4500 |
| 001 | 9.603133 |
| 003 | CaOODSP |
| 005 | 20210624210923 |
| 007 | cr ||||||||||| |
| 008 | 150406|2010||||xxc|||||o f|0| 0 fre|d |
| 040 | |aCaOODSP|bfre |
| 043 | |an-cn--- |
| 086 | 1 |aFs70-4/2010-041F-PDF |
| 110 | 1 |aCanada. |bMinistère des pêches et des océans. |
| 245 | 10|aCompte rendu de la réunion du processus consultatif scientifique de la région du Québec sur l'évaluation des stocks de pétoncles des eaux côtières du Québec : |h[ressource électronique]|b29 janvier 2004, Institut Maurice-Lamontagne, Mont-Joli, Québec / |cSerge Gosselin, président de la réunion; Sylvie Brulotte, rapporteure. |
| 260 | |aOttawa - Ontario : |bPêches et Océans Canada |cOctobre 2010. |
| 300 | |a16p. |
| 490 | 1 |aSecrétariat canadien de consultation scientifique, série des comptes rendus|v2010/041 |
| 546 | |aEn français avec avant-propos, sommaire et annexe bilingues. |
| 590 | |a12-08-Supp|b2012-03-16 |
| 830 | #0|aCompte rendu (Secrétariat canadien de consultation scientifique)|v2010/041|w(CaOODSP)9.502879 |
| 856 | 40|ahttp://publications.gc.ca|qPDF|s77 Ko|uhttps://publications.gc.ca/collections/collection_2012/mpo-dfo/Fs70-4-2010-041-fra.pdf|y2010/041 |